| 000 -ლიდერი |
| ფიქსირებული სიგრძის საკონტროლო ველი |
00905nam a22001937a 4500 |
| 003 - საკონტროლო ნომრის იდენტიფიკატორი |
| საკონტროლო ველი |
Ge_BSU |
| 005 - ბოლო ოპერაციის თარიღი და დრო |
| საკონტროლო ველი |
20230523174334.0 |
| 008 - ფიქსირებული სიგრძის მონაცემთა ელემენტები - ზოგადი ინფორმაცია |
| ფიქსირებული სიგრძის საკონტროლო ველი |
230309s2007 ge ||||| |||| 00| 0 geo d |
| 041 ## - ენის კოდი |
| Language code of text/sound track or separate title |
geo |
| 080 ## - უნივერსალური ათობითი კლასიფიკაციის ინდექსი |
| Universal Decimal Classification number |
070+324+654.197 ლ-21 |
| 100 ## - მთავარი ჩანაწერი - პიროვნების სახელი |
| Personal name |
ლანგი, იაშა. |
| 9 (RLIN) |
17147 |
| 245 ## - ცნობა სათაურის შესახებ |
| Title |
მედია და არჩევნები : |
| Remainder of title |
სახელმძღვანელო / |
| Statement of responsibility, etc |
იაშა ლანგი ; [ევროპის საბჭოს საინფორმ. ბიურო საქართველოში]. |
| 264 ## - წარმოების, გამოცემის, დისტრიბუციის და სხვა ცნობები |
| გამოცემის, წარმოების, დისტრიბუციის... ადგილი |
თბილისი : |
| გამოცემის, წარმოების, დისტრიბუციის... სახელწოდება |
ევროპის საბჭო, |
| გამოცემის, წარმოების, დისტრიბუციის... თარიღი |
[2007]. |
| 300 ## - ფიზიკური აღწერა |
| Extent |
84 გვ. ; |
| Other physical details |
20 სმ. |
| 504 ## - BIBLIOGRAPHY, ETC. NOTE |
| Bibliography, etc |
ბიბლიოგრ.: გვ. 84. |
| 653 ## - INDEX TERM--UNCONTROLLED |
| Uncontrolled term |
მასმედია. |
| 653 ## - INDEX TERM--UNCONTROLLED |
| Uncontrolled term |
დემოკრატიული საარჩევნო კამპანიები. |
| 942 ## - ADDED ENTRY ELEMENTS (KOHA) |
| Source of classification or shelving scheme |
|
| Koha item type |
წიგნი |